<?xml version="1.0" encoding="UTF-8"?>
<record
    xmlns:xsi="http://www.w3.org/2001/XMLSchema-instance"
    xsi:schemaLocation="http://www.loc.gov/MARC21/slim http://www.loc.gov/standards/marcxml/schema/MARC21slim.xsd"
    xmlns="http://www.loc.gov/MARC21/slim">

  <leader>00814nam a2200241   4500</leader>
  <controlfield tag="001">32707</controlfield>
  <controlfield tag="003">AR-RoBPED</controlfield>
  <controlfield tag="005">20260506122539.0</controlfield>
  <controlfield tag="008">260505s1957    ag a|||br|||| 001 1 spa d</controlfield>
  <datafield tag="040" ind1=" " ind2=" ">
    <subfield code="a">AR-RoBPED</subfield>
  </datafield>
  <datafield tag="041" ind1=" " ind2=" ">
    <subfield code="a">spa</subfield>
  </datafield>
  <datafield tag="100" ind1=" " ind2=" ">
    <subfield code="a">Graziano, Edith E.</subfield>
    <subfield code="9">30855</subfield>
  </datafield>
  <datafield tag="245" ind1="1" ind2=" ">
    <subfield code="a">Nuevo amigo: </subfield>
    <subfield code="b">libro de lectura para tercer grado /</subfield>
    <subfield code="c">Edith E. Graziano y Mauricio I. Crotman; ilustraciones de Delia Barbarin</subfield>
  </datafield>
  <datafield tag="260" ind1=" " ind2=" ">
    <subfield code="a">Buenos Aires:</subfield>
    <subfield code="b">Libreria del Colegio,</subfield>
    <subfield code="c">1957.</subfield>
  </datafield>
  <datafield tag="300" ind1=" " ind2=" ">
    <subfield code="a">143 p.</subfield>
    <subfield code="b">il.</subfield>
  </datafield>
  <datafield tag="650" ind1=" " ind2="4">
    <subfield code="a">ARCHIVO INFANTIL</subfield>
    <subfield code="9">24464</subfield>
  </datafield>
  <datafield tag="650" ind1=" " ind2="4">
    <subfield code="a">LIBROS DE TEXTO</subfield>
    <subfield code="9">1459</subfield>
  </datafield>
  <datafield tag="650" ind1=" " ind2="4">
    <subfield code="a">TERCER GRADO</subfield>
    <subfield code="9">1463</subfield>
  </datafield>
  <datafield tag="700" ind1=" " ind2=" ">
    <subfield code="a">Crotman, Mauricio I.</subfield>
    <subfield code="9">30856</subfield>
  </datafield>
  <datafield tag="700" ind1=" " ind2=" ">
    <subfield code="a">Barbarin, Delia</subfield>
    <subfield code="9">30857</subfield>
    <subfield code="e">ilust.</subfield>
  </datafield>
  <datafield tag="942" ind1=" " ind2=" ">
    <subfield code="2">udc</subfield>
    <subfield code="a">k. 32707</subfield>
    <subfield code="c">BK</subfield>
    <subfield code="h">372.4</subfield>
    <subfield code="k">IA</subfield>
    <subfield code="m">G 79</subfield>
    <subfield code="p">inv. 42436</subfield>
  </datafield>
  <datafield tag="945" ind1=" " ind2=" ">
    <subfield code="a">mm 05/05/2026 - cd 06/05/2026</subfield>
  </datafield>
  <datafield tag="952" ind1=" " ind2=" ">
    <subfield code="0">0</subfield>
    <subfield code="1">0</subfield>
    <subfield code="2">udc</subfield>
    <subfield code="4">0</subfield>
    <subfield code="7">1</subfield>
    <subfield code="a">BPED</subfield>
    <subfield code="b">BPED</subfield>
    <subfield code="d">2026-05-05</subfield>
    <subfield code="e">donaci&#xF3;n</subfield>
    <subfield code="l">0</subfield>
    <subfield code="o">IA 372.4 G 79</subfield>
    <subfield code="p">42436</subfield>
    <subfield code="r">2026-05-05 18:22:31</subfield>
    <subfield code="w">2026-05-05</subfield>
    <subfield code="x">mm 05/05/2026</subfield>
    <subfield code="y">BK</subfield>
    <subfield code="z">No se presta a domicilio.</subfield>
  </datafield>
  <datafield tag="999" ind1=" " ind2=" ">
    <subfield code="c">32707</subfield>
    <subfield code="d">32707</subfield>
  </datafield>
</record>
